<?xml version="1.0" encoding="UTF-8"?>
<record
    xmlns:xsi="http://www.w3.org/2001/XMLSchema-instance"
    xsi:schemaLocation="http://www.loc.gov/MARC21/slim http://www.loc.gov/standards/marcxml/schema/MARC21slim.xsd"
    xmlns="http://www.loc.gov/MARC21/slim">

  <leader>01709nam a22003134a 4500</leader>
  <controlfield tag="001">495</controlfield>
  <controlfield tag="003">BR-RjBN</controlfield>
  <controlfield tag="005">20260129100248.0</controlfield>
  <controlfield tag="008">130604s2012    spb    g      000 f por  </controlfield>
  <datafield tag="020" ind1=" " ind2=" ">
    <subfield code="a">9788580410617</subfield>
  </datafield>
  <datafield tag="040" ind1=" " ind2=" ">
    <subfield code="b">por</subfield>
  </datafield>
  <datafield tag="041" ind1="1" ind2=" ">
    <subfield code="a">por</subfield>
    <subfield code="h">eng</subfield>
  </datafield>
  <datafield tag="082" ind1="0" ind2="4">
    <subfield code="a">813</subfield>
    <subfield code="b">H835r</subfield>
  </datafield>
  <datafield tag="100" ind1="1" ind2=" ">
    <subfield code="a">Houck, Colleen,</subfield>
    <subfield code="d">1969-</subfield>
    <subfield code="9">1066</subfield>
  </datafield>
  <datafield tag="240" ind1="0" ind2="0">
    <subfield code="a">Tiger's quest.</subfield>
  </datafield>
  <datafield tag="245" ind1="1" ind2="2">
    <subfield code="a">O resgate do tigre /</subfield>
    <subfield code="c">Colleen Houck ; [tradu&#xE7;&#xE3;o: Raquel Zampil]</subfield>
  </datafield>
  <datafield tag="260" ind1=" " ind2=" ">
    <subfield code="a">S&#xE3;o Paulo :</subfield>
    <subfield code="b">Aqueiro,</subfield>
    <subfield code="c">2012.</subfield>
  </datafield>
  <datafield tag="300" ind1=" " ind2=" ">
    <subfield code="a">430p. ;</subfield>
  </datafield>
  <datafield tag="500" ind1=" " ind2=" ">
    <subfield code="a">

</subfield>
  </datafield>
  <datafield tag="520" ind1=" " ind2=" ">
    <subfield code="a">Ap&#xF3;s abandonar seu grande amor na &#xCD;ndia, Kelsey Hayes volta para o Oregon e se esfor&#xE7;a para juntar os peda&#xE7;os de seu cora&#xE7;&#xE3;o. Por&#xE9;m, por mais que tente levar uma vida normal ocupando seu tempo com a faculdade, novos amigos e pretendentes, seus pensamentos teimam em retornar para as selvas exuberantes, as cachoeiras cintilantes e os olhos azul cobalto de seu tigre. Enquanto sonha com o dia em que Ren atravessar&#xE1; o oceano atr&#xE1;s dela, Kelsey n&#xE3;o imagina que &#xE9; ca&#xE7;ada pelo maior dos malfeitores, que est&#xE1; mais uma vez com sede de poder. Presa a um turbilh&#xE3;o de prova&#xE7;&#xF5;es, ela &#xE9; arrancada daquele que ama e lan&#xE7;ada nos bra&#xE7;os de outro. For&#xE7;ada a partir imediatamente numa segunda busca, Kelsey encontra o para&#xED;so no Tibete e vive seu pior pesadelo ao retornar para a &#xCD;ndia. Com grandes revela&#xE7;&#xF5;es e reviravoltas, O resgate do tigre d&#xE1; continuidade &#xE0; saga &#xE9;pica A maldi&#xE7;&#xE3;o do tigre.


</subfield>
  </datafield>
  <datafield tag="650" ind1="0" ind2="0">
    <subfield code="a">Literatura Americana</subfield>
    <subfield code="9">84</subfield>
  </datafield>
  <datafield tag="650" ind1="0" ind2="0">
    <subfield code="a">Fantasia</subfield>
    <subfield code="9">45</subfield>
  </datafield>
  <datafield tag="650" ind1="0" ind2="0">
    <subfield code="a">Magia</subfield>
    <subfield code="9">785</subfield>
  </datafield>
  <datafield tag="650" ind1="0" ind2="0">
    <subfield code="a">Aventura</subfield>
    <subfield code="9">47</subfield>
  </datafield>
  <datafield tag="655" ind1=" " ind2=" ">
    <subfield code="a">Romance</subfield>
    <subfield code="9">23</subfield>
  </datafield>
  <datafield tag="655" ind1=" " ind2=" ">
    <subfield code="a">Fic&#xE7;&#xE3;o</subfield>
    <subfield code="9">22</subfield>
  </datafield>
  <datafield tag="700" ind1=" " ind2=" ">
    <subfield code="a">Zampil, Raquel</subfield>
    <subfield code="e">TRADUTORA</subfield>
    <subfield code="9">898</subfield>
  </datafield>
  <datafield tag="942" ind1=" " ind2=" ">
    <subfield code="2">ddc</subfield>
    <subfield code="n">0</subfield>
    <subfield code="c">BK</subfield>
  </datafield>
  <datafield tag="952" ind1=" " ind2=" ">
    <subfield code="0">0</subfield>
    <subfield code="1">0</subfield>
    <subfield code="2">ddc</subfield>
    <subfield code="4">0</subfield>
    <subfield code="7">0</subfield>
    <subfield code="8">FIC</subfield>
    <subfield code="a">BIBIB</subfield>
    <subfield code="b">BIBIB</subfield>
    <subfield code="c">LE</subfield>
    <subfield code="d">2026-01-29</subfield>
    <subfield code="e">doa&#xE7;&#xE3;o</subfield>
    <subfield code="l">0</subfield>
    <subfield code="o">813 / H835r</subfield>
    <subfield code="p">2026-17429</subfield>
    <subfield code="r">2026-01-29 07:43:27</subfield>
    <subfield code="w">2026-01-29</subfield>
    <subfield code="y">BK</subfield>
  </datafield>
  <datafield tag="999" ind1=" " ind2=" ">
    <subfield code="c">495</subfield>
    <subfield code="d">495</subfield>
  </datafield>
</record>
